Statistics for Capitals with the Same Initial as their Country

Click here to take the quiz!

General Stats

  • This quiz has been taken 251 times
    (166 since last reset)
  • The average score is 18 of 29

Answer Stats

Letter Country / Capital % Correct
VVatican City (Vatican City)
91%
BBrasilia (Brazil)
84%
GGuatemala City (Guatemala)
83%
DDjibouti (Djibouti)
83%
MMexico City (Mexico)
83%
PPanama City (Panama)
81%
LLuxembourg (Luxembourg)
76%
BBrussels (Belgium)
74%
KKuwait City (Kuwait)
74%
SSan Marino (San Marino)
74%
MMonaco (Monaco)
74%
AAndorra la Vella (Andorra)
72%
AAlgiers (Algeria)
71%
TTunis (Tunisia)
64%
SSingapore (Singapore)
64%
SStockholm (Sweden)
63%
BBelmopan (Belize)
57%
SSão Tomé (São Tomé and Príncipe)
53%
GGeorgetown (Guyana)
51%
MMalé (Maldives)
50%
TTaipei (Taiwan)
50%
NNiamey (Niger)
50%
BBandar Seri Begawan (Brunei)
45%
SSeoul (South Korea)
45%
MMaputo (Mozambique)
44%
BBridgetown (Barbados)
40%
MMajuro (Marshall Islands)
35%
SSri Jayawardenepura Kotte (Sri Lanka)
33%
PPort Moresby (Papua New Guinea)
32%

Score Distribution

Percentile by Number Answered

Percent of People with Each Score

Your Score History

You have not taken this quiz since the last reset